Observaciones i enmiendas a un Diccionario, aplicables también a otros.
Zapisane w:
| 1. autor: | |
|---|---|
| Format: | Książka |
| Język: | hiszpański |
| Wydane: |
Santiago, Chile
Imprenta Universitaria.
1924
|
| Hasła przedmiotowe: | |
| Etykiety: |
Dodaj etykietę
Nie ma etykietki, Dołącz pierwszą etykiete!
|
MARC
| LEADER | 00000nam a2200000 a 4500 | ||
|---|---|---|---|
| 001 | UCJ5081 | ||
| 003 | CL-VaPUC | ||
| 005 | 20250226095640.0 | ||
| 008 | 070124e19240000CL |||||||||||||||||spa|d | ||
| 999 | |c 321194 |d 321192 | ||
| 040 | |c Pontificia Universidad Católica de Valparaíso | ||
| 082 | 0 | 4 | |a 460 AMU 1924 |2 21 |
| 100 | |a Amunátegui Reyes, Miguel Luis |9 342446 | ||
| 245 | 1 | 0 | |a Observaciones i enmiendas a un Diccionario, aplicables también a otros. |
| 260 | 0 | 3 | |a Santiago, Chile |b Imprenta Universitaria. |c 1924 |
| 300 | |a 3 volúmenes. | ||
| 583 | |a last modification |c 20070124 00:00:00 |k Rodrigo Vera | ||
| 600 | |a Ortúzar Montt, Camilo, |d 1848-1895 |9 878873 | ||
| 650 | 0 | |a Lexicología |9 323170 | |
| 650 | 7 | |a CORRECCIONES IDIOMATICAS |2 CL-VaPUC |9 509490 | |
| 650 | 0 | |a Locuciones viciosas |9 509776 | |
| 650 | 7 | |a DICCIONARIO |2 CL-VaPUC |9 509844 | |
| 650 | 0 | |a Chilenismos |9 306533 | |
| 942 | |c BK |2 ddc |n 1 | ||
| 945 | |d 20070124 00:00:00 |a rinostro | ||
| 952 | |0 0 |1 0 |2 ddc |4 0 |6 460_000000000000000_AMU_1924 |7 0 |8 X |9 399880 |a FDOBUD |b FDOBUD |d 2019-11-22 |h v.1 |i 1029762 |o 460 AMU 1924 |p 1029762 |r 2019-11-22 |t 1 |w 2019-11-22 |y BK_X |k BUD | ||
| 952 | |0 0 |1 0 |2 ddc |4 0 |6 460_000000000000000_AMU_1924 |7 0 |8 X |9 399881 |a FDOBUD |b FDOBUD |d 2019-11-22 |h v.1 |i 1030043 |o 460 AMU 1924 |p 1030043 |r 2019-11-22 |t 2 |w 2019-11-22 |y BK_X |k BUD | ||
| 952 | |0 0 |1 0 |2 ddc |4 0 |6 460_000000000000000_AMU_1924 |7 0 |8 X |9 399882 |a FDOBUD |b FDOBUD |d 2019-11-22 |h v.2 |i 1029770 |o 460 AMU 1924 |p 1029770 |r 2019-11-22 |t 1 |w 2019-11-22 |y BK_X |k BUD | ||
| 952 | |0 0 |1 0 |2 ddc |4 0 |6 460_000000000000000_AMU_1924 |7 0 |8 X |9 399883 |a FDOBUD |b FDOBUD |d 2019-11-22 |h v.2 |i 1030051 |o 460 AMU 1924 |p 1030051 |r 2019-11-22 |t 2 |w 2019-11-22 |y BK_X |k BUD | ||
| 952 | |0 0 |1 0 |2 ddc |4 0 |6 460_000000000000000_AMU_1924 |7 0 |8 X |9 399884 |a FDOBUD |b FDOBUD |d 2019-11-22 |h v.3 |i 1029789 |o 460 AMU 1924 |p 1029789 |r 2019-11-22 |t 1 |w 2019-11-22 |y BK_X |k BUD | ||